Cancer and Vitaminc (Record no. 238451)

MARC details
000 -LEADER
fixed length control field 00353nam a2200145Ia 4500
005 - DATE AND TIME OF LATEST TRANSACTION
control field 20250729165643.0
008 - FIXED-LENGTH DATA ELEMENTS--GENERAL INFORMATION
fixed length control field 250729s1981 xx 000 0 und d
041 ## - LANGUAGE CODE
Language code of text/sound track or separate title eng
082 ## - DEWEY DECIMAL CLASSIFICATION NUMBER
Classification number 616.994
100 ## - MAIN ENTRY--PERSONAL NAME
Personal name Ewan Cameron
9 (RLIN) 229776
245 ## - TITLE STATEMENT
Title Cancer and Vitaminc
260 ## - PUBLICATION, DISTRIBUTION, ETC.
Place of publication, distribution, etc. Newyork
Name of publisher, distributor, etc. Warner Books
Date of publication, distribution, etc. 1981
300 ## - PHYSICAL DESCRIPTION
Extent 238p
650 ## - SUBJECT ADDED ENTRY--TOPICAL TERM
Topical term or geographic name entry element Science
9 (RLIN) 229777
Holdings
Withdrawn status Lost status Damaged status Not for loan Home library Current library Date acquired Source of acquisition Total Checkouts Full call number Barcode Date last seen Price effective from Koha item type
        St Aloysius Library St Aloysius Library 07/29/2025 Management Books   616.994 BED03770 07/29/2025 07/29/2025 Book